[Event "EU-chT (Men) 15th"]
[Site "Gothenburg"]
[Date "2005.08.02"]
[Round "4.2"]
[White "Shaw, John"]
[Black "Dreev, Alexey"]
[Result "0-1"]
[WhiteElo "2449"]
[BlackElo "2698"]
[Annotator "Finkel,A"]
[PlyCount "70"]
[EventDate "2005.07.30"]
[EventType "team-swiss"]
[EventRounds "9"]
[EventCountry "SWE"]
[SourceTitle "CBM 109"]
[Source "ChessBase"]
[SourceDate "2005.11.14"]
[SourceVersion "1"]
[SourceVersionDate "2005.11.14"]
[SourceQuality "1"]
[WhiteTeam "Scotland"]
[BlackTeam "Russia"]
[WhiteTeamCountry "SCO"]
[BlackTeamCountry "RUS"]

1. e4 c5 2. c3 d5 3. exd5 Qxd5 4. d4 g6 5. Nf3 Bg7 6. c4 Qd8 (6... Qd6 7. d5
Nf6 8. Nc3 O-O 9. g3 $6 e6 10. Bf4 Qb6 11. Qd2 exd5 12. cxd5 Re8+ 13. Be2 Ne4
14. Nxe4 Rxe4 $15 {Afek,Y-Berkvens,J/Amsterdam 2002}) (6... Qe4+ 7. Be3 cxd4 8.
Nxd4 Nc6 (8... Nf6 9. Nc3 Qe5 10. Be2 O-O 11. O-O Nc6 12. Nxc6 bxc6 13. Rc1 Bf5
14. Qd4 Qc7 15. Qh4 Rfd8 16. Rfd1 $14 {Hanley,C-Dvorak,T/Millfield School 2003}
) 9. Nc3 Qe5 10. Nxc6 bxc6 11. Be2 Nh6 12. Bf3 O-O 13. O-O Nf5 $15 {Dorfanis,
I-Nikolaou,G/Athens 2005}) 7. d5 (7. Be3 Nf6 8. h3 O-O 9. Nc3 cxd4 10. Nxd4 a6
11. Be2 Nfd7 12. O-O e5 13. Nb3 Nc6 14. Qd6 Re8 15. Rad1 $14 {Klinger,J-Nemet,
I/Zuerich 1991}) 7... e5 {It's hard to believe that this position emerged out
of sicilian defense with 2.c3.} (7... Nf6 8. Nc3 O-O 9. Be2 e6 10. O-O exd5 11.
cxd5 Re8 12. Be3 Nbd7 13. Nb5 a6 14. Nd6 Rxe3 15. fxe3 Qe7 16. Nxc8 Qxe3+ 17.
Kh1 Rxc8 $15 {Bentivegna,F-Spraggett,K/Cappelle la Grande 2005}) (7... Nh6 8.
Nc3 O-O 9. Be2 Nf5 10. O-O e5 11. dxe6 Bxe6 12. Ng5 Bd7 13. Nge4 Bd4 14. Nb5
Bxb5 15. cxb5 Nd7 $13 {Michalczak,T-Nevednichy,V/Senden 2003}) 8. Nc3 Ne7 9.
Bg5 f6 10. Be3 Na6 11. Be2 $6 {Allowing black knight to come to d4 is a
serious strategical mistake. It was necessary to play} (11. Bd3 Nf5 12. Bxf5
Bxf5 13. O-O O-O 14. Qe2 b6 15. Nd2 Nb4 16. Nde4 $14 {with slightly better
chances.}) 11... Nf5 $15 {[%cal Gf5d4,Gf6f5]} 12. O-O O-O 13. a3 $6 (13. Bd2
Nd4 14. Nxd4 cxd4 15. Nb5 $132) 13... Nd4 14. b4 f5 15. Bxd4 $2 {This move is
a positional suicide! Black pawns in the center supported by the bishop are
too strong for white to handle.} (15. bxc5 $2 Nxf3+ 16. Bxf3 e4 $19 {[%csl Rc3,
Rf3]}) (15. Rc1 $5 Nxe2+ 16. Qxe2 e4 17. Ne1 cxb4 18. axb4 f4 19. Bd2 f3 $36)
15... cxd4 16. Nb5 Bd7 $17 17. Rc1 $6 ({The last chance to put up some
resistance was} 17. Nd6 $8 d3 (17... Qf6 $6 18. Nxb7 e4 19. Nxd4 Qxd4 20. Qxd4
Bxd4 21. Rad1 $44) 18. Bxd3 e4 19. Rb1 exd3 20. Qxd3 Rb8 21. c5 Nc7 $17) 17...
Bxb5 18. cxb5 Nc7 19. Bc4 Kh8 {[%csl Rd5][%cal Gd8f6,Ge5e4,Gd8d6,Ga8d8]} 20.
Re1 Qd6 21. a4 (21. Ng5 Nxd5 22. Qb3 Nc3 $5 (22... Rad8 23. Bxd5 Qxd5 24. Qxd5
Rxd5 25. Ne6 Rg8 26. Rc5 $15) 23. Nf7+ Rxf7 24. Bxf7 e4 $17) 21... Rae8 22. Bb3
Nxd5 23. Bxd5 Qxd5 24. Rc5 Qd6 $19 25. Qb3 e4 26. Ng5 Qf6 27. Nh3 f4 {[%csl
Rh3]} 28. Ng5 d3 29. Qd1 (29. Nxe4 d2 $19) 29... e3 $1 30. Qxd3 exf2+ 31. Kxf2
Qd4+ 32. Qxd4 Bxd4+ 33. Kf1 Rxe1+ 34. Kxe1 Bxc5 35. bxc5 Rf5 0-1

[Event "Ehrat Memorial (SUI-GER m)"]
[Site "Zuerich"]
[Date "1999.08.23"]
[Round "10"]
[White "Vogt, Lothar"]
[Black "Pelletier, Yannick"]
[Result "1/2-1/2"]
[WhiteElo "2485"]
[BlackElo "2479"]
[Annotator "Finkel,A"]
[PlyCount "75"]
[EventDate "1999.08.13"]
[EventType "schev"]
[EventRounds "10"]
[EventCountry "SUI"]
[SourceTitle "CBM 073"]
[Source "ChessBase"]
[SourceDate "1999.12.01"]
[SourceVersion "1"]
[SourceVersionDate "1999.12.01"]
[SourceQuality "1"]
[WhiteTeam "Germany"]
[BlackTeam "Switzerland"]
[WhiteTeamCountry "GER"]
[BlackTeamCountry "SUI"]

1. e4 d6 2. d4 g6 3. Nc3 a6 4. a4 Bg7 5. Be3 (5. h3 b6 6. Be3 Bb7 7. g4 h5 8.
g5 e6 9. Bg2 Ne7 10. Nge2 d5 11. h4 Nbc6 $13 {Rotstein,A-Galdunts,S/Open 1999})
(5. Nf3 Bg4 6. Be2 Nc6 7. d5 Bxf3 8. Bxf3 Nd4 9. Be3 Nxf3+ 10. Qxf3 Nf6 11. O-O
O-O $11 {Hofmann,R-Zunker,R/Hessenliga 1994}) (5. Bc4 Nc6 6. Be3 e5 7. Nge2 Nf6
8. f3 O-O 9. Qd2 Bd7 10. d5 Ne7 $132 {Anilkumar,O-Crouch,C/Calcutta op 1994})
5... b6 {An attempt to deviate from long theoretical lines.} (5... Nd7 6. Nf3
Ngf6 7. h3 O-O 8. Qd2 c5 9. dxc5 Nxc5 10. e5 Nfe4 11. Nxe4 Nxe4 12. Qb4 $14 {
Kwatschewsky,L-Roth,P/AUT-chT 1994}) (5... Nf6 6. f3 O-O 7. Qd2 Nc6 8. Bc4 e5
9. d5 Ne7 10. Nge2 Kh8 11. O-O-O Bd7 $36 {Schmittdiel,E-Shchekachev,A/Open,
Bad Zwesten GER 1998}) 6. Qd2 (6. f4 $5) 6... c5 7. d5 (7. dxc5 bxc5 8. Rd1 Nd7
9. Bc4 Ngf6 10. Nf3 Bb7 $132) 7... Nf6 8. Bh6 $5 O-O 9. Be2 Bxh6 10. Qxh6 e6
11. dxe6 $14 {From now on black pawn on d6 becomes the target for white pieces.
} (11. Nf3 $6 exd5 12. exd5 Re8 13. Ng5 Nbd7 14. O-O Nf8 $11) 11... Bxe6 12.
Nf3 (12. Rd1 Nc6 13. Nf3 Qe7 (13... Ng4) 14. O-O Rfd8 15. Rfe1 Ne5 16. h3 $14)
12... Ng4 $6 ({Better was to play} 12... Nc6 {,keeping the material balance.})
13. Qd2 $1 Nc6 $8 (13... Qe7 $6 14. Rd1 Rd8 15. e5 $1 {[%csl Rg4]} Nc6 (15...
d5 16. h3 $18) 16. exd6 $16) 14. Rd1 Nb4 $5 15. O-O Ne5 16. Qxd6 Nxf3+ 17. Bxf3
Qxd6 18. Rxd6 Nxc2 19. Rxb6 $16 (19. e5 $6 Rab8 20. Be2 a5 21. Rfd1 Nd4 22. f4
Rfd8 $11) 19... Rfb8 20. a5 $5 ({Another plan to try to play for a win was} 20.
Rxb8+ Rxb8 21. Rb1 Nd4 22. Bd1 Kf8 23. f4 Ke7 24. Kf2 $16 {[%cal Gf2e3,Gg2g4] ,
but also in this case white's task was very difficult,because of passive
position of the rook on b1.}) 20... Rxb6 21. axb6 Rb8 22. Na4 Nd4 23. Ra1 (23.
Rc1 $5) 23... Nxf3+ 24. gxf3 Bc4 25. e5 $6 {After this move I seriously doubt
that white can win the game.Better chanses to do so would leave} (25. Rc1 Bb5
26. Nxc5 Rxb6 27. Kg2 $16) 25... Bb5 26. Nxc5 Rxb6 27. Kg2 Bc4 28. b3 $6 {
Accepting the inevitable.Some chanses would leave} (28. Rc1 Be6 29. Rc2 a5 30.
Kg3 Rb4 $14) 28... Rb5 $1 $11 29. bxc4 Rxc5 30. Ra4 a5 31. f4 f6 $1 32. exf6
Kf7 33. Kf3 Kxf6 34. Ke4 Ke6 35. Kd4 Rf5 36. Ke4 Rc5 37. Kd4 Rf5 38. Ke4
1/2-1/2

[Event "EU-ch 6th"]
[Site "Warsaw"]
[Date "2005.06.23"]
[Round "6"]
[White "Cao, Sang"]
[Black "Minasian, Artashes"]
[Result "1-0"]
[WhiteElo "2488"]
[BlackElo "2597"]
[Annotator "Finkel,A"]
[PlyCount "83"]
[EventDate "2005.06.18"]
[EventType "swiss"]
[EventRounds "13"]
[EventCountry "POL"]
[SourceTitle "CBM 108"]
[Source "ChessBase"]
[SourceDate "2005.09.26"]
[SourceVersion "1"]
[SourceVersionDate "2005.09.26"]
[SourceQuality "1"]

1. d4 g6 2. e4 Bg7 3. Nc3 a6 4. a4 d6 5. Be3 Nf6 6. f3 O-O 7. Nge2 {White's
set up reminds Saemisch variation in KID.} (7. Bc4 Nc6 8. Nge2 e5 9. O-O Bd7
10. Qd2 Rb8 11. a5 Kh8 12. Bg5 Qe8 13. dxe5 Qxe5 14. Nd5 Nxd5 15. exd5 Nd4 $11
{Mitkov,N-Nijboer,F/Groningen 1991}) (7. g4 Nc6 8. h4 e5 9. d5 Nd4 10. Bc4 Bd7
11. a5 h5 12. g5 Nh7 $13 {Slobodjan,R-Hickl,J/Montpellier 1993}) (7. Qd2 Nc6 (
7... e5 8. d5 (8. Nge2 exd4 9. Nxd4 Re8 10. Bc4 Nc6 11. Nde2 Ne5 12. Bb3 Be6
13. Bxe6 fxe6 14. b3 d5 15. Rd1 Qe7 $15 {Andres Gonzalez,A-Illescas Cordoba,M/
Vila Real 2001}) 8... Ne8 9. g4 f5 10. gxf5 gxf5 11. O-O-O f4 12. Bf2 Nd7 13.
Bh3 b5 14. Na2 bxa4 15. Nb4 $14 {Atlas,V-Polzin,R/Austria 2002)}) (7... Re8 8.
g4 Nc6 9. Nge2 e5 10. O-O-O exd4 11. Nxd4 Ne5 12. Be2 b5 13. g5 Nh5 14. axb5
axb5 15. Ndxb5 Ra1+ 16. Nb1 Be6 17. N5a3 Qa8 18. Bd4 Rb8 19. Qe3 Nc6 20. Bxg7
Nxg7 21. c3 Qa4 22. Rd2 Qxa3 23. Rc2 Qa2 24. Kd2 Rxb2 25. Rhc1 Raxb1 26. Bd3
Bh3 27. f4 Rxc1 28. Kxc1 Rxc2+ {0-1 Zambo,Z-Parkanyi,A/Fuzesabony 2003}) 8. h4
(8. Bc4 e5 9. d5 Ne7 (9... Nd4 10. Nge2 Nxe2 11. Nxe2 Nd7 12. g4 f5 13. gxf5
gxf5 14. O-O-O f4 15. Bf2 b5 16. Bd3 Bf6 $13 {Klinova,M-Gurevich,M/Metz 2002})
10. Nge2 Kh8 11. O-O-O Bd7 12. Qd3 Qe8 13. a5 Nc8 14. g4 Na7 15. Ng3 $14 {
Schmittdiel,E-Shchekachev,A/Bad Zwesten 1998}) (8. O-O-O b5 9. Bh6 Bxh6 10.
Qxh6 e5 11. d5 Nd4 12. Nge2 Nxe2+ 13. Bxe2 Bd7 14. axb5 axb5 15. Bxb5 Qb8 16.
Bxd7 Nxd7 $36 {Suaibi,D-Bogdanovski,V/Skopje 2002}) (8. g4 e5 9. d5 Nd4 10. h4
c6 11. h5 cxd5 12. Nxd5 Nxd5 13. exd5 $36 {Hugentobler,P-Galdunts,S/Zuerich
2004}) 8... e5 9. d5 Nd4 10. Nce2 c5 11. dxc6 bxc6 12. Nxd4 exd4 13. Bxd4 d5
$36 {Ofstad,P-Petursson,M/Oslo 1994}) 7... Nc6 $6 (7... e5 8. dxe5 dxe5 9. Nc1
Qxd1+ 10. Nxd1 Nc6 11. Bc4 Nd4 12. Kd2 Be6 13. Bxe6 Nxe6 14. Nd3 Rfd8 $11 {
Garber,S-Ginsburg,M/New York 1991}) (7... Nbd7 8. Qd2 c5 9. Bh6 Qa5 10. h4 cxd4
11. Nxd4 Bxh6 12. Qxh6 Qb4 13. O-O-O Nc5 14. Nd5 Nxd5 15. exd5 f6 $132 {
Jensson,E-Hjartarson,J/Reykjavik 1998}) 8. Qd2 e5 9. d5 Ne7 $6 {The knight has
very little to do on e7, so deserved attentio to come back to b8 to transfer
it to c5.} (9... Nb8 $5) 10. a5 $1 Ne8 (10... c6 11. Bb6 Qe8 12. Ng3 cxd5 13.
exd5 Bd7 (13... Nd7 $2 14. Bc7 $16 {[%csl Rd6]}) 14. Be2 Nc8 15. Bf2 Ne7 16.
O-O $14) 11. g4 $1 f5 12. h3 Bf6 $6 13. O-O-O f4 (13... Bh4 14. gxf5 gxf5 15.
f4 Bf6 16. Rg1+ Kh8 17. Bg2 $16) 14. Bf2 h6 15. h4 $16 {White is better
prepared for a play on both sides of the board, but if black succeeded to tak
care of the kingside by closing up the position by f4, he is basically
helpless against white's play on the queenside.} Bg7 (15... c6 16. Bb6 Qd7 17.
g5 $5 {[%cal Gf1h3]} hxg5 18. hxg5 Bxg5 19. Bh3 Qxh3 20. Rxh3 Bxh3 21. Rh1 Bd7
$16) 16. Kb1 $1 Bd7 17. Nc1 Nc8 18. Bc4 Kh7 19. Nd3 Na7 20. Ba2 Nc8 (20... Nb5
21. Ne2 $16) 21. Bb3 Ne7 22. Na4 Nc8 23. Nb4 Rf7 24. c4 Bf8 (24... b6 25. Nc6
Bxc6 26. dxc6 Rf8 27. axb6 cxb6 28. Nc3 Ne7 29. Nd5 Nxd5 30. exd5 $16) 25. Rc1
Rg7 26. Rc2 {[%cal Gh1c1,Gc4c5]} c5 (26... Rf7 27. c5 $16) 27. dxc6 bxc6 28.
Nb6 Nxb6 29. Bxb6 Qb8 30. c5 $1 dxc5 31. Nd3 $18 Nd6 32. Nxc5 Bc8 33. h5 g5 34.
Rd1 Nb5 35. Ne6 Bxe6 36. Bxe6 Qb7 37. Qd3 (37. Bd7 Nd4 38. Bf5+ Nxf5 39. exf5
c5 40. Qd5 Rc8) 37... Re8 $2 38. Bd7 Rb8 39. Bxc6 Qe7 40. Bxb5 axb5 41. Qxb5
Rf7 42. Rcd2 1-0

[Event "Rovno"]
[Site "Rovno"]
[Date "2000.??.??"]
[Round "3"]
[White "Moroz, Alexander"]
[Black "Rakhmangulov, Andrei"]
[Result "1-0"]
[WhiteElo "2513"]
[BlackElo "2435"]
[Annotator "Finkel,A"]
[PlyCount "83"]
[EventDate "2000.01.20"]
[EventType "tourn"]
[EventRounds "15"]
[EventCountry "UKR"]
[EventCategory "8"]
[SourceTitle "CBM 076"]
[Source "ChessBase"]
[SourceDate "2000.05.31"]
[SourceVersion "1"]
[SourceVersionDate "2000.05.31"]
[SourceQuality "1"]

1. e4 d6 2. d4 Nf6 3. Nc3 g6 4. Be3 c6 5. Qd2 b5 6. Bd3 Qc7 7. Nf3 Nbd7 8. O-O
Bg7 9. Bh6 (9. h3 O-O 10. a4 b4 11. Ne2 a5 12. c3 Rb8 13. Bh6 c5 14. Ng3 bxc3
15. bxc3 cxd4 16. cxd4 Rb4 $132 {Hjartarson,J-Karason,A/Reykjavik-B blind 1997}
) 9... O-O 10. a4 ({Interesting plan was shown in next game.} 10. Ne2 e5 11. c3
Nb6 12. Ng3 Re8 13. Bxg7 Kxg7 14. Nh4 Ng8 15. f4 f6 16. Rf2 $16 {Ambroz,J-Baum,
B/Bad Ragaz op 1993}) 10... b4 11. Ne2 (11. Nd1 a5 12. Re1 c5 13. Bxg7 Kxg7 14.
e5 Nd5 15. Re4 h6 16. dxc5 dxe5 $13 {Kupreichik,V-Pribyl,J/Schwaebisch Gmuend
op 1995}) 11... c5 12. c3 bxc3 (12... a5 13. Bxg7 Kxg7 14. Ng3 Bb7 15. Qg5 $14)
13. bxc3 e5 14. Ng3 Re8 15. Nh4 Bh8 (15... cxd4 16. cxd4 Bxh6 17. Qxh6 Nf8 18.
Rac1 Qa5 19. Qg5 $36) 16. Nhf5 {Transferring the knight to d5 via e3.} Nf8 (
16... exd4 17. cxd4 cxd4 18. Rfc1 Nc5 19. f3 Bxf5 20. Nxf5 Nfd7 $13) 17. dxe5
dxe5 18. Ne3 Be6 $6 {Losing a track.} (18... Ng4 19. Nd5 Qd6 20. Bg5 Rb8 21.
Bb5 $18 {[%csl Rd6][%cal Gd2d6,Gd5f6,Gd5e7]}) (18... Ne6 $5) 19. c4 $14 Ng4 (
19... Rad8 20. Nd5 Qd6 21. h3 $5 $14 {[%csl Gg4]}) 20. Nd5 Bxd5 $6 {After this
move black pawn on c5 becomes a target for white pieces so better was} (20...
Qd7 21. Bg5 f6 22. Be3 Rac8 23. Rfb1 $14) 21. cxd5 Nxh6 22. Qxh6 Qe7 (22... Bg7
23. Qe3 Qd6 24. Bb5 Rec8 25. Bc6 Rab8 26. Rfc1 $14) 23. Bb5 Rec8 (23... Red8
24. Rfd1 Bg7 25. Qe3 Qd6 26. Bc6 Rac8 27. Qf3 $14) 24. Rfd1 Rd8 25. Rac1 a6 26.
Bc6 Rab8 27. Qe3 $16 {[%csl Rc5]} Rd6 28. Qe2 (28. Qxc5 Ne6 29. Qa5 Nc7 30. h3
$16) 28... Rbd8 (28... Qa7 $5 29. Nf1 Ne6 30. dxe6 Rxc6 31. Rd7 Rc7 32. exf7+
Kf8 33. Rxc7 Qxc7 34. Qxa6 $18) 29. Nf1 Bf6 30. Ne3 Bg5 31. Qxa6 $18 {Black is
helpless against the advance of a-pawn.} Bxe3 32. fxe3 Qh4 33. Qe2 {[%cal
Ga4a8]} Qxe4 (33... Ne6 34. dxe6 Rxc6 35. exf7+ Kxf7 36. Rd5 $18) 34. a5 Ne6
35. Qf3 $1 Qxf3 36. gxf3 Nc7 37. Rxc5 Rb8 38. Ra1 Rb2 39. a6 g5 40. a7 Rh6 41.
d6 {[%cal Gc6g2]} Rhxh2 42. f4 $1 1-0

[Event "EU-chT (Men) 15th"]
[Site "Gothenburg"]
[Date "2005.08.02"]
[Round "4.1"]
[White "Svidler, Peter"]
[Black "McNab, Colin Anderson"]
[Result "1-0"]
[WhiteElo "2738"]
[BlackElo "2451"]
[Annotator "Finkel,A"]
[PlyCount "63"]
[EventDate "2005.07.30"]
[EventType "team-swiss"]
[EventRounds "9"]
[EventCountry "SWE"]
[SourceTitle "CBM 109"]
[Source "ChessBase"]
[SourceDate "2005.11.14"]
[SourceVersion "1"]
[SourceVersionDate "2005.11.14"]
[SourceQuality "1"]
[WhiteTeam "Russia"]
[BlackTeam "Scotland"]
[WhiteTeamCountry "RUS"]
[BlackTeamCountry "SCO"]

1. e4 g6 2. d4 d6 3. Nc3 Bg7 4. Be3 a6 5. Nf3 (5. h4 $5) 5... b5 (5... Nf6 6.
h3 b5 7. e5 Nfd7 8. exd6 exd6 9. Bd3 $14) 6. Bd3 Bb7 (6... Nd7 7. e5 e6 (7...
dxe5 8. Be4 Rb8 9. dxe5 {/\10.Ba7,10.e6}) 8. Bg5 Ne7 9. a4 bxa4 10. exd6 cxd6
11. Rxa4 O-O 12. O-O Bb7 13. Be4 d5 14. Bd3 f6 15. Bh4 Nf5 $132 {Fishbein,
A-Hansen,C/Kerteminde 1991/(59)}) 7. e5 $5 {Black is a way behind in
development so it's just a natural try to take advantage of this fact. It's
interesting that Svidler suffered a tough loss on the black side of this
variation by the hands of Anand, even though the position looked quite unclear.
} (7. a4 b4 8. Nd5 Nf6 9. Nxf6+ $14) 7... Nd7 (7... e6 8. Ne4 Ne7 9. Bg5 h6 10.
Bf6 Bxf6 11. Nxf6+ Kf8 12. Qe2 Nd7 13. Nxd7+ Qxd7 $11 {Hatanbaatar,B-Spasov,V/
Elista olm 1998}) (7... dxe5 8. dxe5 Nc6 9. e6 f5 10. O-O Qd6 11. Qe2 Nb4 12.
Rad1 $36 {Herrera,I-Asanov,B/Guillermo Garcia Premier II 1999}) 8. e6 fxe6 9.
Ng5 Nf8 10. O-O (10. Qe2 $44) 10... h6 $2 {I guess this move is a blunder, as
I can't see any reason for black to give up 2 pawns for absolutely no
compensation!} (10... Nf6 11. Re1 Qd7 12. Bd2 h6 13. Nf3 Rb8 14. a4 b4 15. Ne4
Nxe4 16. Bxe4 Bxe4 17. Rxe4 {/\c3,,Rb1,Qe2~/=} Qc6 $5 18. Re3 $44 {Anand,
V-Svidler,P/Linares 1998}) (10... e5 11. dxe5 Bxe5 12. Be4) (10... Qd7) 11.
Bxg6+ $1 Nxg6 12. Nxe6 Qd7 13. Nxg7+ Kf7 14. Nh5 $16 {White emerged out of an
opening with an extra pawn, even though he is yet to neutralize black's
attempts to get some play on the kingside.} Nf6 (14... b4 $5 15. Nb1 Qb5 16.
Nd2 Nf6 17. Nxf6 exf6 $16 {[%csl Gh5]}) 15. Nxf6 exf6 16. Qh5 $5 (16. f3 $5)
16... Rag8 17. d5 Re8 (17... b4 18. Ne2 Ke7 19. Ng3 Kd8 20. c4 $1 $16) 18. Bd4
Bc8 {Black is doing his best, but his position remains very difficult as white
has no weaknesses (except of a pawn on d5) black can attack.} (18... c5 19.
dxc6 Qxc6 20. f3 b4 21. Ne4 $18) 19. f3 (19. Nd1 Re4 20. c3 Rh4 21. Qf3 Ne5 22.
Bxe5 dxe5 23. Ne3 $16) 19... Qf5 20. Qxf5 Bxf5 21. g3 Rhg8 ({My be more
chances of survival would've left} 21... Bxc2 $5 22. Rac1 Bf5 23. Ne4 Rc8 24.
Nxf6 Ne7 $16 {keeping an eye on d5.}) 22. Kf2 b4 (22... Ne7 $5) 23. Nd1 Bxc2 $6
(23... Ne7 24. Ne3 Bh3 25. Rfd1 Nf5 26. a3 $1 {[%csl Ra6,Rc7]}) 24. Ne3 Bd3 25.
Rfd1 Bb5 26. Rac1 Rc8 27. Ng4 $18 {[%csl Rf6,Rh6]} Rh8 28. Nxf6 Ne7 29. g4 {
[%csl Gf5]} c5 $2 {[%csl Rd6]} (29... Rhd8 $142) 30. dxc6 Nxc6 31. Ne4 Rhd8 32.
Bb6 1-0

[Event "Asia-ch 5th"]
[Site "Hyderabad"]
[Date "2005.10.12"]
[Round "6"]
[White "Yu, Shaoteng"]
[Black "Annaberdiev, Meilis"]
[Result "1-0"]
[WhiteElo "2516"]
[BlackElo "2421"]
[Annotator "Finkel,A"]
[PlyCount "41"]
[EventDate "2005.10.05"]
[EventType "swiss"]
[EventRounds "9"]
[EventCountry "IND"]
[SourceTitle "CBM 110"]
[Source "ChessBase"]
[SourceDate "2006.01.31"]
[SourceVersion "1"]
[SourceVersionDate "2006.01.31"]
[SourceQuality "1"]

1. e4 g6 2. d4 Bg7 3. Nc3 d6 4. Be3 a6 5. f4 $5 b5 6. Bd3 (6. Nf3 Nf6 $6 7. e5
Ng4 8. Bg1 Bb7 9. Bd3 $14) 6... Bb7 7. Nf3 b4 $6 {White gets a very dangerous
initiative after this move, but it's not so easy to suggest a better
alternative. I believe 7...Nd7 is a better try, but it's just my personal
opinion.} (7... Nf6 8. e5 Nd5 9. Nxd5 Bxd5 10. Qe2 $36) (7... Nd7 $5) 8. Ne2
Nf6 9. e5 ({Another promising continuation is} 9. Ng3 $5 {, but since White
has to play e5 at some point anyway I don't see a reason to postpone it.}) 9...
Nd5 10. Bf2 {I think the bishop is better placed on f2 than on d2 as it can go
to h4 from here.} (10. Bd2 c5 11. c4 bxc3 12. bxc3 cxd4 13. cxd4 O-O 14. O-O a5
15. Rb1 $14 {Svidler,P-Beliavsky,A/Dortmund 1998}) 10... e6 $6 (10... Nd7 11.
O-O O-O (11... c5 $2 12. Ng5 $1 {[%cal Ge5e6]} dxe5 13. fxe5 Bh6 14. Nxf7 $1
Kxf7 15. Be3+ Kg7 16. Bxh6+ Kxh6 17. Rf7 $18 {[%csl Rh6] Minasian,A-Stryjecki,
M/Cappelle la Grande 2003}) 12. c4 bxc3 13. bxc3 c5 14. Rb1 Qc7 15. Ng5 $36 {
Belkhodja,S-Dussol,P/Montpellier 1991}) (10... Qd7 11. O-O Nc6 12. c4 bxc3 13.
bxc3 Nb6 14. c4 Na5 15. c5 Bxf3 $13 {1/2-1/2 Popov,V-Kochyev,A/St Petersburg
1997}) 11. c4 bxc3 12. bxc3 Nd7 13. Rb1 N5b6 14. Ng3 d5 $2 {Not just closing
the bishop on b7, but allowing White to take over the kingside.} (14... O-O
$142 15. O-O f6) 15. O-O a5 {[%cal Gb7a6]} 16. Qe2 $1 Qc8 17. f5 $1 Nf8 $2 ({
Nothing changed} 17... exf5 18. e6 fxe6 19. Qxe6+ Kf8 20. Ng5 Qe8 21. Nxf5 $1
gxf5 22. Qxf5+ Kg8 23. Rfe1 Qg6 24. Qxd7 Nxd7 25. Bxg6 hxg6 26. Rxb7 $18 {
,but after}) (17... gxf5 $8 18. Nh5 Bh6 19. Be3 $16 {Black could put up some
resistance.}) 18. Bb5+ $5 c6 (18... Nbd7 19. fxe6 fxe6 20. Be3) 19. Bd3 $18 {
[%csl Rb6,Rb7]} Nc4 20. f6 Bh6 21. Bxc4 {[%cal Gg3e4,Ge4d6]} 1-0